The evolution of labour relations in Uruguay (Record no. 11952)

000 -LEADER
fixed length control field 00389pab a2200133 454500
008 - FIXED-LENGTH DATA ELEMENTS--GENERAL INFORMATION
fixed length control field 180718b1989 xxu||||| |||| 00| 0 eng d
100 ## - MAIN ENTRY--PERSONAL NAME
Personal name Gronsterin, Arturo S.
245 ## - TITLE STATEMENT
Title The evolution of labour relations in Uruguay
Remainder of title Achievements and challenges
260 ## - PUBLICATION, DISTRIBUTION, ETC.
Date of publication, distribution, etc. 1989
300 ## - PHYSICAL DESCRIPTION
Extent 195-212
650 ## - SUBJECT ADDED ENTRY--TOPICAL TERM
Topical term or geographic name entry element Labour Relations - Uruguay
773 ## - HOST ITEM ENTRY
Main entry heading International Labour Review
909 ## -
-- 11952
Holdings
Withdrawn status Lost status Damaged status Not for loan Permanent Location Current Location Date acquired Serial Enumeration / chronology Barcode Date last seen Price effective from Koha item type
        Indian Institute of Public Administration Indian Institute of Public Administration 2018-07-19 Volume no: 128, Issue no: 2 AR11993 2018-07-19 2018-07-19 Articles

Powered by Koha